Importancia moral, literaria y económica de una colección escogida de los autores mas célebres de la docta antigüedad traducidos en nuestro idioma : (Record no. 163671)

MARC details
000 -LEADER
campo de control de longitud fija 00900nam a22001815i 4500
001 - NÚMERO DE CONTROL
campo de control 163671
003 - IDENTIFICADOR DE NÚMERO DE CONTROL
campo de control ES-MaACL
005 - FECHA Y HORA DE LA ÚLTIMA TRANSACCIÓN
campo de control 20250801091111.0
008 - DATOS DE LONGITUD FIJA--INFORMACIÓN GENERAL
campo de control de longitud fija 970318s1840 sp |||| | spa d
100 1# - ENTRADA PRINCIPAL--NOMBRE DE PERSONA
Nombre de persona Roca y Cornet, Joaquín,
Fechas asociadas al nombre 1804-1873
9 (RLIN) 131904
245 10 - MENCIÓN DEL TÍTULO
Título Importancia moral, literaria y económica de una colección escogida de los autores mas célebres de la docta antigüedad traducidos en nuestro idioma :
Resto del título memoria que en la sesión de 5 de marzo de 1840, celebrada por la Academia de Buenas Letras de Barcelona /
Mención de responsabilidad, etc. leyó Joaquín Roca y Cornet.
260 ## - PUBLICACIÓN, DISTRIBUCIÓN, ETC.
Lugar de publicación, distribución, etc. Barcelona :
Nombre del editor, distribuidor, etc. [s.n.],
Fecha de publicación, distribución, etc. 1840 (
Fabricante Imp. de José Taula)
300 ## - DESCRIPCIÓN FÍSICA
Extensión 16 p. ;
Dimensiones 21 cm.
650 #7 - PUNTO DE ACCESO ADICIONAL DE MATERIA--TÉRMINO DE MATERIA
Término de materia o nombre geográfico como elemento de entrada Literatura clásica
Fuente del encabezamiento o término embne
9 (RLIN) 14524
710 2# - ENTRADA AGREGADA--NOMBRE DE ENTIDAD CORPORATIVA
Nombre de entidad corporativa o nombre de jurisdicción como elemento de entrada Reial Acadèmia de Bones Lletres de Barcelona.
9 (RLIN) 176228
852 4# - LOCALIZACIÓN
Ubicación ES-MaACL
Número de control de estantería T-11-F-15
Nota libre - Enc. hol.
-- - Enc. en un vol. facticio
Holdings
Estatus retirado Estado de pérdida Estado de daño No para préstamo Colección Biblioteca de origen Biblioteca actual Ubicación en estantería Fecha de adquisición Total de préstamos Signatura topográfica completa Código de barras Visto por última vez Precio de reemplazo Tipo de ítem Koha
        Colección de folletos Biblioteca del Ateneo de Madrid Biblioteca del Ateneo de Madrid Depósito folletos 17/01/2008   T-11-F-15 1171514 23/02/2023 23/02/2023 Folleto